Hunter's snare /

Saved in:
Bibliographic Details
Main Author: Edwards, Emily Ruth
Format: Book
Language:English
Published: Sydney : Mills & Boon, 1986.
Edition:1st Australian pbk. ed.
Series:Mills & Boon romance ; 2552
LEADER 00828nam a2200241 a 4500
001 c000264825
003 CARM
005 20070719120335.0
008 070719s1986 xna 000 1 eng d
019 1 |a 50072306  |5 LACONCORD2021 
020 |a 0263753522 (pbk.) 
035 |a (OCoLC)812542386  |5 LACONCORD2021 
040 |a VCAV  |b eng  |c VCAV 
042 |a anuc 
100 1 |a Edwards, Emily Ruth 
245 1 0 |a Hunter's snare /  |c by Emily Ruth Edwards. 
250 |a 1st Australian pbk. ed. 
260 |a Sydney :  |b Mills & Boon,  |c 1986. 
300 |a 192 p. 
490 0 |a Mills & Boon romance ;  |v 2552 
852 8 |b CARM  |h A1:AO06A0  |i A04519  |p 0381706  |f BK 
999 f f |i ac515386-8dbc-5bc1-b49c-439b83274a98  |s fd433d49-40d0-5f37-8dfa-dd8880cbce85 
952 f f |p Can circulate  |a CAVAL  |b CAVAL  |c CAVAL  |d CARM 1 Store  |e A04519  |f A1:AO06A0  |h Other scheme  |i book  |m 0381706